Sports Quiz

Random Sports or Logo Quiz

College Logos of 1990 Quiz Stats

 Plays Quiz not verified by Sporcle

Score 0/20 Timer 06:00
0 Plays Today
% Correct
Arizona State
92.9%
Hawaii
92%
Utah
90.7%
Mississippi State
88.6%
Oklahoma
83.8%
Stanford
83.1%
Vermont
70.3%
VCU
65.3%
Illinois
62.8%
St. Bonaventure
62.2%
% Correct
East Carolina
59.5%
Creighton
59.1%
Northern Iowa
55.6%
Akron
53.6%
Manhattan
44.8%
Davidson
37.8%
McNeese State
17%
Georgia Southern
10.9%
Bucknell
10%
Wagner
3.2%

You're not logged in!

Compare scores with friends on all Sporcle quizzes.
OR
Log In

Show Comments

Extras

Top Quizzes Today


Score Distribution

Your Account Isn't Verified!

In order to create a playlist on Sporcle, you need to verify the email address you used during registration. Go to your Sporcle Settings to finish the process.

Report this User

Report this user for behavior that violates our Community Guidelines.

Details: